000 00759cab a2200205 4500
001 X92023
008 090401t1998 xxu||||| |||| 00| 0 eng d
035 _a(Sirsi) u86534
041 _aeng
245 _aBeaufort Developments (NI) Ltd v Ash & others
260 _c1998
350 _a0
490 _aNew Property Cases
_v[1998] NPC 91, (3)
520 _aHL 20 May 1998. "Northern Health Authority v Crouch [1984] QBD 644 reversed by the HL but with limited effect in Engalnd and Wales because of the Arbitration Act 1996 s9(4). Taken from report header. NOT TO BE PHOTOCOPIED.
650 _aBEAUFORT DEVELOPMENTS (NI) LTD V ASH
650 _aNORTHERN HEALTH AUTHORITY V CROUCH
690 _aARBITRATION-CASE LAW
942 _n0
948 _c02/06/1998
999 _c54468
_d54468